Loreto College Library, Kolkata
WEBOPAC (ONLINE PUBLIC ACCESS CATALOGUE)

Johnson Agonistes & other essays (Record no. 22450)

MARC details
000 -LEADER
fixed length control field 00511nam a2200181Ia 4500
008 - FIXED-LENGTH DATA ELEMENTS--GENERAL INFORMATION
fixed length control field 131103s9999 xx 000 0 und d
040 ## - CATALOGING SOURCE
Original cataloging agency Loreto College
041 ## - LANGUAGE CODE
Language code English
082 ## - DDC | ডিউই
Classification number | বর্গসংখ্যা 824.63/BRO
Book Number | গ্রন্থাঙ্ক LCLIB/1753
100 ## - MAIN ENTRY--PERSONAL NAME | মুখ্য সংলেখ - ব্যাক্তিনাম
Personal name | ব্যাক্তিনাম Bronson, Bertrand
245 ## - TITLE STATEMENT | অাখ্যা বিবরণী
Title | অাখ্যা Johnson Agonistes & other essays
Statement of responsibility | লেখকের দায়িত্বের বিবরণ Bertrand H Bronson
260 ## - IMPRINT | প্রকাশনা ক্ষেত্র
Place of publication | প্রকাশ স্থান Cambridge
Name of publisher | প্রকাশকের নাম Cambridge University Press
Date of publication | প্রকাশ কাল 1946
300 ## - PHYSICAL DESCRIPTION |
Page / Vol. No | পৃষ্ঠা / খন্ড সংখ্যা 156p.
504 ## - BIBLIOGRAPHY, ETC. NOTE
Bibliography, etc Includes notes
650 ## - SUBJECT ADDED ENTRY--TOPICAL TERM | বিষয় শিরোনাম - মূল বিষয়
Topical term | মূল বিষয় English essays
850 ## - HOLDING INSTITUTION
Holding institution LCLIB/824.63/BRO
942 ## - ADDED ENTRY ELEMENTS (KOHA)
Koha item type Books
Holdings
Withdrawn status Lost status Source of classification Damaged status Not for loan Home library Current library Date acquired Total Checkouts Full call number Accession No. Date last seen Price effective from Koha item type
Withdrawn   Dewey Decimal Classification     Loreto College Loreto College 04/11/2013   824.63/BRO LCLIB/1753 B24845 04/11/2013 04/11/2013 Books